Britain 1970 : (Record no. 8564)
[ view plain ]
| 000 -LEADER | |
|---|---|
| fixed length control field | 00740nam a2200265 a 4500 |
| 001 - CONTROL NUMBER | |
| JCCL Control Number | 8564 |
| 003 - CONTROL NUMBER IDENTIFIER | |
| JCCL marc code | BD - JhCC |
| 005 - DATE AND TIME OF LATEST TRANSACTION | |
| control field | 20180925175955.0 |
| 008 - FIXED-LENGTH DATA ELEMENTS--GENERAL INFORMATION | |
| fixed length control field | 180925s1970 enka 000 0 eng d |
| 020 ## - INTERNATIONAL STANDARD BOOK NUMBER | |
| International Standard Book Number | 0713459131 |
| 035 ## - SYSTEM CONTROL NUMBER | |
| system control number | (BD-JhCC)8564 |
| 040 ## - CATALOGING SOURCE | |
| Original cataloging agency | BD-JhCC |
| Modifying agency | BD-JhCC |
| 041 ## - LANGUAGE CODE | |
| Language code of Book | eng |
| 050 #0 - LIBRARY OF CONGRESS CALL NUMBER | |
| Classification number | HN385.5 |
| 082 ## - DEWEY DECIMAL CLASSIFICATION NUMBER | |
| Classification number | 941.0857 |
| DDC Edition number | 19 |
| Author mark and Year | BRI 1970 |
| 245 10 - TITLE STATEMENT | |
| Title | Britain 1970 : |
| Remainder of title | an official handbook / |
| Statement of responsibility, etc | Central Office of Information |
| 260 ## - PUBLICATION, DISTRIBUTION, ETC. (IMPRINT) | |
| Place of publication, distribution, etc | London : |
| Name of publisher, distributor, etc | Batsford, |
| Date of publication, distribution, etc | 1989 |
| 300 ## - PHYSICAL DESCRIPTION | |
| Pagination | 522 p. : |
| Other physical details | ill. ; |
| Dimensions | 26 cm |
| 504 ## - BIBLIOGRAPHY, ETC. NOTE | |
| Bibliography, etc | Includes bibliography |
| 651 #0 - SUBJECT ADDED ENTRY--GEOGRAPHIC NAME | |
| Geographic name | Great Britain |
| General subdivision | Social conditions |
| Chronological subdivision | 1945- |
| 710 ## - ADDED ENTRY--CORPORATE NAME | |
| Corporate name or jurisdiction name as entry element | Central Office of Information |
| 830 #0 - SERIES ADDED ENTRY--UNIFORM TITLE | |
| Uniform title | Living through history |
| 942 ## - ADDED ENTRY ELEMENTS (KOHA) | |
| Source of classification or shelving scheme | Dewey Decimal Classification |
| Koha item type | Books |
| Source of classification or shelving scheme | Damaged status | Not for loan | Home library | Current library | Shelving location | Total Checkouts | Full call number | Barcode | Date last seen | Copy number | Koha item type |
|---|---|---|---|---|---|---|---|---|---|---|---|
| Dewey Decimal Classification | JCC Rouf Library | JCC Rouf Library | General Stacks | 941.0857 BRI 1970 | 11375 | 02/27/2018 | C - 1 | Books |